[Event "ch-FRA Blitz Online Qual"]
[Site "Europe-Chess INT"]
[Date "2020.05.16"]
[Round "2"]
[White "Nguyen, Thao Nhi"]
[Black "Testud, Philippe"]
[Result "0-1"]
[WhiteElo "1951"]
[BlackElo "2123"]
[WhiteFideId "36000310"]
[BlackFideId "611409"]
[EventDate "2020.05.16"]

1. e4 c6 2. d4 d5 3. exd5 cxd5 4. Nf3 Nf6 5. Bd3 Nc6 6. c3 Bg4 7. O-O e6 8. Bg5
Be7 9. Nbd2 O-O 10. Qc2 h6 11. Bh4 Rc8 12. Qb3 Na5 13. Qa4 Bf5 14. Bxf5 exf5 15.
Bxf6 Bxf6 16. Ne5 Bxe5 17. dxe5 Nc6 18. Rfe1 Re8 19. Qf4 Qg5 20. Qxg5 hxg5 21.
Nf3 g4 22. Nd4 g6 23. Rad1 Nxe5 24. Nb5 Nd3 25. Rxe8+ Rxe8 26. h3 Nxb2 27. Rxd5
gxh3 28. gxh3 a6 29. Nd4 Re7 30. Kg2 Nd3 31. Kg3 Kg7 32. Nxf5+ gxf5 33. Rxd3 Re2
34. Rd7 b5 35. Rd5 f4+ 0-1

[Event "ch-FRA Blitz Online Qual"]
[Site "Europe-Chess INT"]
[Date "2020.05.16"]
[Round "2"]
[White "Janzelj, Lara"]
[Black "Mouret, Paul"]
[Result "1-0"]
[WhiteTitle "WIM"]
[WhiteElo "2210"]
[BlackElo "1748"]
[WhiteFideId "14608391"]
[BlackFideId "36059170"]
[EventDate "2020.05.16"]

1. c4 e6 2. g3 d5 3. Bg2 f5 4. Nf3 Nf6 5. O-O c6 6. d4 Bd6 7. b3 Qe7 8. Bf4 O-O
9. Bxd6 Qxd6 10. Nc3 Nbd7 11. Qc2 Ne4 12. e3 Ndf6 13. Ne5 Nd7 14. Nd3 Ndf6 15.
f3 Nxc3 16. Qxc3 Bd7 17. Rad1 Be8 18. Ne5 Bh5 19. Rd2 g5 20. e4 fxe4 21. fxe4
Nxe4 22. Bxe4 dxe4 23. Rxf8+ Rxf8 24. Qe3 Qe7 25. Qxe4 Qf6 26. Qg2 Be8 27. h3
Kg7 28. Re2 Qd8 29. Qe4 Qf6 30. Qg2 Qd8 31. Rd2 Qf6 32. Ng4 Qf5 33. Kh2 Qf7 34.
Rf2 Qe7 35. Rxf8 Qxf8 36. Qd2 h6 37. Qe3 Qe7 38. Qe5+ Kg8 39. Nxh6+ Kh7 40. Ng4
Bh5 41. Nf6+ Kg6 42. Nxh5 Kxh5 43. g4+ Kg6 44. Kg3 Qf7 45. Qe4+ Kg7 46. Qf3 Qd7
47. Qe3 Qd6+ 48. Qe5+ Qxe5+ 49. dxe5 Kg6 50. h4 gxh4+ 51. Kxh4 b5 52. cxb5 cxb5
53. b4 Kh6 54. g5+ Kg6 55. Kg4 a6 56. a3 Kg7 57. Kh5 Kh7 58. g6+ Kg7 59. Kg5 Kg8
60. Kf6 Kf8 61. Kxe6 Kg7 62. Kf5 Kf8 63. Kf6 a5 64. e6 a4 65. e7+ Ke8 66. g7 Kd7
67. g8=Q Kc7 68. Qd8+ Kb7 69. e8=Q Ka7 70. Qed7+ Ka6 71. Qa5# 1-0

[Event "ch-FRA Blitz Online Qual"]
[Site "Europe-Chess INT"]
[Date "2020.05.16"]
[Round "2"]
[White "Gratton, Alexandre"]
[Black "Kovacs, Klara"]
[Result "0-1"]
[BlackTitle "WIM"]
[WhiteElo "1792"]
[BlackElo "2154"]
[WhiteFideId "551063689"]
[BlackFideId "733210"]
[EventDate "2020.05.16"]

1. c4 e6 2. Nf3 Nf6 3. d4 d5 4. Nc3 Be7 5. Bg5 O-O 6. e3 h6 7. Bh4 Ne4 8. Bxe7
Qxe7 9. Qc2 Nxc3 10. Qxc3 dxc4 11. Bxc4 b6 12. O-O Nd7 13. Rac1 c5 14. Bb5 Bb7
15. Bxd7 Qxd7 16. dxc5 Bxf3 17. gxf3 bxc5 18. Rfd1 Qb7 19. f4 Rac8 20. b3 Rc6
21. Qe5 Rfc8 22. Rc4 Ra6 23. Rd2 Qf3 24. Rxc5 Rxc5 25. Qxc5 Rc6 26. Qa3 e5 27.
Rd8+ Kh7 28. f5 Qxf5 29. Rd1 Qg4+ 0-1

[Event "ch-FRA Blitz Online Qual"]
[Site "Europe-Chess INT"]
[Date "2020.05.16"]
[Round "2"]
[White "Trabet, Mathis"]
[Black "Commin-Humeau, Augustin"]
[Result "1-0"]
[WhiteElo "2118"]
[BlackElo "1971"]
[WhiteFideId "36041289"]
[BlackFideId "26093006"]
[EventDate "2020.05.16"]

1. e4 c5 2. Nf3 g6 3. c3 d5 4. exd5 Qxd5 5. d4 Nc6 6. Be3 Bg7 7. Na3 cxd4 8. Bc4
Qh5 9. Nxd4 Nxd4 10. Bxd4 Nf6 11. Bb5+ Kf8 12. Be2 Bg4 13. f3 Be6 14. Nb5 a6 15.
Nc7 Rd8 16. Nxe6+ fxe6 17. Qb3 Kf7 18. O-O Rd7 19. Bc4 Nd5 20. Bxg7 Kxg7 21.
Rfe1 Kf7 22. Rad1 Rhd8 23. Qc2 b5 24. Bxd5 exd5 25. Qe2 Qf5 26. Rd4 e6 27. g3
Rd6 28. Rf4 Kg7 29. Rxf5 gxf5 30. Qe5+ Kf7 31. Re3 a5 32. g4 fxg4 33. fxg4 Ke7
34. Qg7+ Ke8 35. Rf3 1-0

[Event "ch-FRA Blitz Online Qual"]
[Site "Europe-Chess INT"]
[Date "2020.05.16"]
[Round "2"]
[White "Spagnoli, Benjamin"]
[Black "Fournier, Loic"]
[Result "1-0"]
[WhiteElo "1770"]
[BlackElo "2116"]
[WhiteFideId "20667116"]
[BlackFideId "36013463"]
[EventDate "2020.05.16"]

1. d4 Nf6 2. c4 c5 3. Nc3 e6 4. d5 exd5 5. cxd5 d6 6. e4 g6 7. f4 Bg7 8. Bb5+
Nfd7 9. a4 O-O 10. Nf3 Na6 11. O-O Nb4 12. Re1 Nf6 13. h3 a6 14. Bf1 b6 15. Qb3
Re8 16. Bd2 Re7 17. Rad1 Bb7 18. f5 Nxe4 19. Nxe4 Bxd5 20. Bc4 Bxe4 21. fxg6
Bxg6 22. Rxe7 Qxe7 23. Re1 Qd7 24. Bxb4 cxb4 25. Qxb4 Rc8 26. Bxa6 Rc2 27. Bb5
Qc7 28. Re8+ Bf8 29. Qd4 Qc5 30. Qxc5 dxc5 31. Ne5 Rxb2 32. Nd7 Kg7 33. Rxf8 Be4
34. Re8 Rxg2+ 35. Kf1 Rd2 36. Rxe4 Rb2 37. Rg4+ Kh6 38. Nf6 Rb1+ 39. Kf2 Rb2+
40. Kg3 Rb3+ 41. Kh4 c4 42. Ng8# 1-0

[Event "ch-FRA Blitz Online Qual"]
[Site "Europe-Chess INT"]
[Date "2020.05.16"]
[Round "2"]
[White "Dumas, Charles"]
[Black "Fischler, Oscar"]
[Result "1-0"]
[WhiteElo "2284"]
[BlackElo "1864"]
[WhiteFideId "675733"]
[BlackFideId "45190186"]
[EventDate "2020.05.16"]

1. e4 g6 2. d4 Bg7 3. Nc3 d6 4. f4 a6 5. Nf3 b5 6. e5 Nd7 7. Bd3 c5 8. Be4 Rb8
9. exd6 exd6 10. O-O Ngf6 11. Bd3 O-O 12. f5 c4 13. Be2 Bb7 14. Bg5 Qb6 15. Kh1
Ne4 16. Nxe4 Bxe4 17. fxg6 fxg6 18. c3 Bd5 19. Qe1 Rbe8 20. Qf2 Qc6 21. Rae1 Nf6
22. Qh4 Ne4 23. Bh6 Qa8 24. Bxg7 Kxg7 25. Bd1 Qd8 26. Qxd8 Rxd8 27. Kg1 Rde8 28.
Bc2 Nf6 29. Rxe8 Rxe8 30. Re1 Rxe1+ 31. Nxe1 Be4 32. Bd1 d5 33. Kf2 g5 34. Nf3
Bxf3 35. Bxf3 Kg6 36. g3 Kf5 37. h3 g4 38. Bg2 gxh3 39. Bxh3+ Ke4 40. Ke2 a5 41.
a3 b4 42. axb4 axb4 43. Bg2+ Kf5 44. cxb4 Kg4 45. Kf2 Kf5 46. Kf3 Ke6 47. Kf4
Ne8 48. Bh3+ Kd6 49. Kf5 Ng7+ 50. Kg5 Ne8 51. Kh6 Nf6 52. g4 Ne4 53. g5 Nf2 54.
Bf5 Nd3 55. Kxh7 Nxb2 56. g6 Ke7 57. g7 c3 58. g8=Q c2 59. Bxc2 1-0

[Event "ch-FRA Blitz Online Qual"]
[Site "Europe-Chess INT"]
[Date "2020.05.16"]
[Round "2"]
[White "Acudad, Marsuk"]
[Black "Pujari, Rucha"]
[Result "0-1"]
[BlackTitle "WIM"]
[WhiteElo "1665"]
[BlackElo "2244"]
[WhiteFideId "689157"]
[BlackFideId "5024528"]
[EventDate "2020.05.16"]

1. d4 d5 2. c4 e6 3. Nc3 Nf6 4. cxd5 exd5 5. Bg5 c6 6. e3 Bf5 7. Qb3 b6 8. Rc1
Be7 9. Nf3 O-O 10. Be2 h6 11. Bf4 Nbd7 12. Ba6 Nh5 13. Be5 Nxe5 14. Nxe5 Qd6 15.
Ne2 c5 16. O-O c4 17. Qa4 Bf6 18. Qc6 Bxe5 19. Qxd6 Bxd6 20. b3 Bd3 21. Rfe1 Ba3
22. Rcd1 Nf6 23. bxc4 dxc4 24. Nc3 Bb4 25. Rc1 Ne4 26. Nxe4 Bxe1 27. Nd6 Bd2 28.
Rd1 Bb4 29. Nxc4 Bxc4 30. Bxc4 Rac8 31. Bb3 Rfd8 32. h3 a5 33. Kf1 b5 34. a4 Rc3 0-1

[Event "ch-FRA Blitz Online Qual"]
[Site "Europe-Chess INT"]
[Date "2020.05.16"]
[Round "2"]
[White "Robert, Mathias"]
[Black "Galhaud, Jean-Philippe"]
[Result "1-0"]
[WhiteElo "2140"]
[BlackElo "1749"]
[WhiteFideId "26066769"]
[BlackFideId "26001349"]
[EventDate "2020.05.16"]

1. e4 c5 2. Nf3 Nc6 3. d4 cxd4 4. Nxd4 g6 5. c4 Bg7 6. Be3 Nf6 7. Nc3 O-O 8. Be2
b6 9. O-O Bb7 10. f3 e6 11. Nxc6 dxc6 12. e5 Ne8 13. f4 Qc7 14. c5 b5 15. Ne4
Rd8 16. Nd6 a5 17. a4 b4 18. Qc2 Nxd6 19. cxd6 Qd7 20. Bb6 Ra8 21. Qc5 Rfc8 22.
Bxa5 h5 23. Bxb4 Ba6 24. Bxa6 Rxa6 25. Bc3 Rb8 26. b4 Bf8 27. Rfb1 Rab6 28. Bd4
Qb7 29. Qxb6 Qxb6 30. Bxb6 Rxb6 31. b5 c5 32. a5 1-0

[Event "ch-FRA Blitz Online Qual"]
[Site "Europe-Chess INT"]
[Date "2020.05.16"]
[Round "2"]
[White "Goyer, Lionel"]
[Black "Soubirou, Oriane"]
[Result "0-1"]
[WhiteElo "1782"]
[BlackElo "2144"]
[WhiteFideId "20628706"]
[BlackFideId "686034"]
[EventDate "2020.05.16"]

1. d4 Nf6 2. Nf3 g6 3. Bf4 Bg7 4. e3 d6 5. Nbd2 Nbd7 6. Be2 b6 7. h3 Bb7 8. O-O
O-O 9. c3 Re8 10. Bg5 c5 11. Rc1 Rc8 12. a3 Rc7 13. b4 Qa8 14. Qb3 Rec8 15. Qb1
Nf8 16. Rfd1 Ne6 17. Bh4 Ne4 18. Nxe4 Bxe4 19. Qb2 f5 20. Ne1 f4 21. f3 Bb7 22.
Bf2 fxe3 23. Bxe3 Rf8 24. Qb3 Bd5 25. c4 Bb7 26. d5 Nf4 27. Bxf4 Rxf4 28. b5 Qf8
29. a4 Bc8 30. Nd3 Bd4+ 31. Kh1 Rh4 32. Ne1 Qf5 33. Bd3 Qh5 0-1

[Event "ch-FRA Blitz Online Qual"]
[Site "Europe-Chess INT"]
[Date "2020.05.16"]
[Round "2"]
[White "Carvallo, Henri"]
[Black "Vanlerberghe, Luc"]
[Result "1-0"]
[WhiteElo "2069"]
[BlackElo "1727"]
[WhiteFideId "619914"]
[BlackFideId "671908"]
[EventDate "2020.05.16"]

1. d4 Nf6 2. Bf4 c5 3. e3 cxd4 4. exd4 d5 5. c3 Nc6 6. Bd3 Bg4 7. Qb3 Qb6 8.
Qxb6 axb6 9. Nd2 e6 10. a3 Be7 11. Ngf3 O-O 12. O-O Rfc8 13. Rfe1 h6 14. h3 Bxf3
15. Nxf3 Nd7 16. Re2 Bf6 17. Rae1 g5 18. Bh2 Na5 19. Nd2 Kg7 20. f4 Rf8 21. Rf2
Rac8 22. Ref1 Be7 23. f5 Nc6 24. Re1 Bf6 25. fxe6 fxe6 26. Rxe6 Rce8 27. Rfe2
Kf7 28. Rxe8 Rxe8 29. Bg6+ 1-0

[Event "ch-FRA Blitz Online Qual"]
[Site "Europe-Chess INT"]
[Date "2020.05.16"]
[Round "2"]
[White "Redjem, Mohamed"]
[Black "Djidjeli, Sofiane"]
[Result "0-1"]
[WhiteElo "1777"]
[BlackElo "2209"]
[WhiteFideId "20608128"]
[BlackFideId "36067520"]
[EventDate "2020.05.16"]

1. d4 d5 2. c4 c6 3. Nc3 Nf6 4. cxd5 cxd5 5. Bg5 Ne4 6. Nxe4 dxe4 7. f3 exf3 8.
Nxf3 h6 9. Bf4 Bf5 10. e3 Qa5+ 11. Kf2 e6 12. Bd3 Bxd3 13. Qxd3 Nc6 14. Rhd1 Be7
15. a3 Rd8 16. b4 Qh5 17. Kg1 O-O 18. Qb3 Bf6 19. Bg3 Qd5 20. Qc2 Qb5 21. Rac1
a5 22. Qc5 Qxc5 23. bxc5 Rd7 24. Rb1 Rfd8 25. Rb6 e5 26. d5 Rxd5 27. Rxd5 Rxd5
28. Rxb7 Rxc5 29. h3 Rc1+ 30. Kh2 Rc3 31. Rc7 e4 32. Nd4 Bxd4 33. exd4 Rc2 34.
d5 Nd4 35. Rxc2 Nxc2 36. d6 Kf8 37. d7 Ke7 38. Bc7 Kxd7 39. Bxa5 Nxa3 40. Bc3 g6
41. Kg3 Ke6 42. Kf4 Nb5 43. Bb4 Nd6 44. Bxd6 Kxd6 45. Kxe4 Ke6 46. g3 Kf6 47.
Kf4 Ke6 48. Ke4 f5+ 49. Kf4 Kf6 50. h4 g5+ 51. hxg5+ hxg5+ 52. Kf3 Ke5 53. Ke3
Kd5 54. Kf3 Kd4 55. Ke2 Ke4 56. Kf2 Kd3 57. Kf3 Kd2 58. Kf2 g4 59. Kg2 Ke2 60.
Kg1 Kf3 61. Kh2 Kf2 0-1

[Event "ch-FRA Blitz Online Qual"]
[Site "Europe-Chess INT"]
[Date "2020.05.16"]
[Round "2"]
[White "Pothieux, Philippe"]
[Black "Mathieu, Phileas"]
[Result "0-1"]
[WhiteElo "1796"]
[BlackElo "2214"]
[WhiteFideId "20606036"]
[BlackFideId "36048410"]
[EventDate "2020.05.16"]

1. d4 Nf6 2. c4 c5 3. dxc5 e5 4. Nc3 Bxc5 5. e3 Nc6 6. Nf3 O-O 7. Be2 d6 8. O-O
Be6 9. a3 a6 10. b3 Qe7 11. Bb2 Rfd8 12. Qc2 Rac8 13. Ng5 Bd7 14. Bd3 h6 15.
Nge4 Nxe4 16. Bxe4 Be6 17. Nd5 Qf8 18. Rfd1 Ne7 19. Nxe7+ Qxe7 20. Qe2 f5 21.
Bc2 Rf8 22. Qd2 Rcd8 23. Qa5 f4 24. exf4 Rxf4 25. Rf1 Rdf8 26. Qe1 Qf7 27. b4
Bxf2+ 28. Rxf2 Rxf2 29. Rc1 Bxc4 30. Bg6 Rf1+ 31. Qxf1 Qxf1+ 32. Rxf1 Rxf1# 0-1

[Event "ch-FRA Blitz Online Qual"]
[Site "Europe-Chess INT"]
[Date "2020.05.16"]
[Round "2"]
[White "Chung, Mathilde"]
[Black "Denjoy, Arnaud"]
[Result "0-1"]
[WhiteTitle "WFM"]
[WhiteElo "2083"]
[BlackElo "2166"]
[WhiteFideId "676446"]
[BlackFideId "26071185"]
[EventDate "2020.05.16"]

1. d4 Nf6 2. c4 e6 3. Nf3 b6 4. g3 Ba6 5. b3 d5 6. Bg2 dxc4 7. Ne5 Bb4+ 8. Bd2
cxb3 9. Bxb4 b2 10. Na3 bxa1=Q 11. Qxa1 Nd5 12. Bd2 O-O 13. Nac4 f6 0-1

[Event "ch-FRA Blitz Online Qual"]
[Site "Europe-Chess INT"]
[Date "2020.05.16"]
[Round "2"]
[White "Nicolas, Guillaume"]
[Black "Frazao, Thomas"]
[Result "1-0"]
[WhiteElo "2143"]
[BlackElo "1719"]
[WhiteFideId "20646607"]
[BlackFideId "36083704"]
[EventDate "2020.05.16"]

1. e4 e5 2. Nf3 Nc6 3. d4 exd4 4. Bc4 Bb4+ 5. c3 dxc3 6. O-O Nge7 7. bxc3 Ba5 8.
Ng5 O-O 9. Qh5 h6 10. Nxf7 Kh7 1-0

[Event "ch-FRA Blitz Online Qual"]
[Site "Europe-Chess INT"]
[Date "2020.05.16"]
[Round "2"]
[White "Lambert, Adrien"]
[Black "Dubois, Herve"]
[Result "1-0"]
[WhiteElo "2123"]
[BlackElo "1836"]
[WhiteFideId "624772"]
[BlackFideId "636460"]
[EventDate "2020.05.16"]

1. e4 c5 2. Nf3 d6 3. d4 cxd4 4. Nxd4 Nf6 5. Nc3 a6 6. g3 e5 7. Nde2 Be7 8. Bg2
Bd7 9. O-O O-O 10. h3 Bc6 11. g4 Nbd7 12. Ng3 Nc5 13. g5 Ne8 14. h4 Ne6 15. Nf5
f6 16. Nd5 Bxd5 17. Qxd5 Qd7 18. Bh3 Kh8 19. Nxe7 Qxe7 20. Qxe6 Qc7 21. c3 Qc5
22. Be3 Qb5 23. Qb3 Qc6 24. Qd5 Rb8 25. Rfd1 g6 26. Qxc6 bxc6 27. b3 f5 28. exf5
gxf5 29. c4 f4 30. Bc1 Rd8 31. Ba3 Rf7 32. Bg2 f3 33. Bh3 Rg7 34. Kh2 h6 35.
gxh6 Rg6 36. Bc1 Nf6 37. Bg5 d5 38. Bf5 1-0

[Event "ch-FRA Blitz Online Qual"]
[Site "Europe-Chess INT"]
[Date "2020.05.16"]
[Round "2"]
[White "Flores, Victor"]
[Black "Papadiamandis, Elliot"]
[Result "0-1"]
[WhiteElo "1741"]
[BlackElo "2269"]
[WhiteFideId "45133492"]
[BlackFideId "36074160"]
[EventDate "2020.05.16"]

1. e4 c5 2. Nc3 d6 3. g3 Nf6 4. Bg2 g6 5. d3 Bg7 6. f4 O-O 7. Nf3 Nc6 8. O-O e6
9. h3 Rb8 10. Be3 b5 11. Qd2 b4 12. Nd1 Nd7 13. g4 f5 14. exf5 exf5 15. gxf5
Rxf5 16. Ng5 Nd4 17. Be4 Rf8 18. c3 bxc3 19. bxc3 Nf5 20. Ne6 Qh4 21. Nxf8 Nxf8
22. Rf3 Be6 23. Bf2 Qf6 24. Rc1 Nh4 25. Bxh4 Qxh4 26. Qf2 Qf6 27. c4 Qf7 28. Ne3
Bd4 29. Qe2 Nd7 30. Kh2 Nf6 31. Nd5 Nxd5 32. cxd5 Bxd5 33. Bxd5 Qxd5 34. Rc2 Qf5
35. Qe4 Qf7 36. Qc6 Rb1 37. Qxd6 Qb7 38. Qd8+ Kg7 39. Qg5 Qxf3 40. Qe7+ Kh6 41.
Qh4+ Qh5 42. Qe7 Rh1+ 43. Kxh1 Qd1+ 44. Kh2 Qg1# 0-1

[Event "ch-FRA Blitz Online Qual"]
[Site "Europe-Chess INT"]
[Date "2020.05.16"]
[Round "2"]
[White "Mecili, Nabil"]
[Black "Lorans, Sylvain"]
[Result "0-1"]
[WhiteElo "1688"]
[BlackElo "2086"]
[WhiteFideId "618420"]
[BlackFideId "605794"]
[EventDate "2020.05.16"]

1. e4 e5 2. Nf3 Nc6 3. Bc4 Nf6 4. d4 exd4 5. O-O Nxe4 6. Re1 d5 7. Bd3 Bf5 8.
Nxd4 Nxd4 9. f3 Bc5 10. Be3 O-O 11. fxe4 dxe4 12. Bc4 Nf3+ 13. gxf3 Bxe3+ 14.
Kf1 Qg5 15. Rxe3 Qxe3 16. Qe2 Bh3+ 17. Ke1 Qg1+ 18. Kd2 Rad8+ 19. Kc3 Qd4+ 20.
Kb3 Qb6+ 21. Kc3 a5 22. Na3 Qb4# 0-1

[Event "ch-FRA Blitz Online Qual"]
[Site "Europe-Chess INT"]
[Date "2020.05.16"]
[Round "2"]
[White "Hucault, Christophe"]
[Black "Richard, Emma"]
[Result "0-1"]
[BlackTitle "WFM"]
[WhiteElo "1612"]
[BlackElo "2160"]
[WhiteFideId "26057336"]
[BlackFideId "657590"]
[EventDate "2020.05.16"]

1. d4 Nf6 2. Bf4 d6 3. e3 Nbd7 4. Nf3 c6 5. c3 Qc7 6. Nbd2 e5 7. dxe5 dxe5 8.
Bg3 Nh5 9. Qb3 Nxg3 10. hxg3 Be7 11. Bd3 Nc5 12. Qc2 Nxd3+ 13. Qxd3 h6 14. O-O-O
Be6 15. Qc2 Bxa2 16. b3 Ba3+ 0-1

[Event "ch-FRA Blitz Online Qual"]
[Site "Europe-Chess INT"]
[Date "2020.05.16"]
[Round "2"]
[White "Pichon, Ewen"]
[Black "Rodriguez Rodriguez, Antonio"]
[Result "1-0"]
[BlackTitle "FM"]
[WhiteElo "1821"]
[BlackElo "2112"]
[WhiteFideId "45155593"]
[BlackFideId "2219255"]
[EventDate "2020.05.16"]

1. d4 Nf6 2. c4 d6 3. Nc3 Bf5 4. f3 e5 5. e4 exd4 6. Qxd4 Nc6 7. Qd1 Be6 8. Be3
Be7 9. Bd3 O-O 10. Nge2 Ne5 11. b3 c6 12. O-O Nfd7 13. Bc2 a6 14. h3 Nc5 15. f4
Ned7 16. f5 Bg5 17. Bxg5 Qxg5 18. fxe6 fxe6 19. Qxd6 Rad8 20. b4 Qe3+ 21. Kh1
Nxe4 22. Bxe4 Nf6 23. Qc5 Qh6 24. Bf3 Rde8 25. Rae1 Nd7 26. Qd6 Nf6 27. Ng1 Qh4
28. Ne4 Nh5 29. Bg4 Nf6 30. Nxf6+ Rxf6 31. Rxf6 Qxf6 32. Rxe6 Qf8 33. Qxf8+ Rxf8
34. Re7 b5 35. cxb5 axb5 36. Rc7 Rf6 37. Bd7 h6 38. Rxc6 Rf4 39. Rc5 Rxb4 40.
Rxb5 Rd4 41. Be6+ Kf8 42. Bb3 Ke7 43. Rb7+ Kf6 44. a4 Rd3 45. a5 Rd2 46. a6 Rd6
47. a7 Ra6 48. Bc4 Ra1 49. Kh2 Ke5 50. Rxg7 Kd4 51. Be2 Ra2 52. Bf3 Ke3 53. a8=Q
Rd2 54. Qe4+ Kf2 55. Qh4+ Kf1 56. Be2+ Rxe2 57. Rf7+ Rf2 58. Qxf2# 1-0

[Event "ch-FRA Blitz Online Qual"]
[Site "Europe-Chess INT"]
[Date "2020.05.16"]
[Round "2"]
[White "Pottier, Simeon"]
[Black "Vasselin, Louis"]
[Result "1-0"]
[WhiteElo "2186"]
[BlackElo "1590"]
[WhiteFideId "26069296"]
[BlackFideId "36070238"]
[EventDate "2020.05.16"]

1. d4 d5 2. c4 c6 3. Nc3 dxc4 4. e4 Nf6 5. Bxc4 e6 6. Nf3 Bb4 7. Qe2 Qa5 8. Bd2
b5 9. Bd3 Bb7 10. O-O O-O 11. a3 Bxc3 12. bxc3 Qc7 13. e5 Nd5 14. Bxh7+ Kxh7 15.
Ng5+ Kg8 16. Qh5 Rd8 17. Qh7+ Kf8 18. Qh8+ Ke7 19. Qxg7 Rf8 20. Nxe6 Kxe6 21.
Qxf8 Nd7 22. Qh6+ Ke7 23. f4 Rg8 24. Qh4+ Ke8 25. f5 Qd8 26. Qh7 N7b6 27. Qxg8+
Ke7 28. Bg5+ 1-0

[Event "ch-FRA Blitz Online Qual"]
[Site "Europe-Chess INT"]
[Date "2020.05.16"]
[Round "2"]
[White "El Barbry, Sarah"]
[Black "Popov, Konstantin"]
[Result "0-1"]
[BlackTitle "FM"]
[WhiteElo "1779"]
[BlackElo "2366"]
[WhiteFideId "26051419"]
[BlackFideId "34137910"]
[EventDate "2020.05.16"]

1. e4 c5 2. Nc3 d6 3. Bc4 g6 4. d3 Bg7 5. f4 Nc6 6. Nf3 Nf6 7. O-O O-O 8. Qe1
Nd4 9. Qh4 e6 10. f5 exf5 11. Bg5 Ne6 12. Bxe6 fxe6 13. exf5 gxf5 14. Rae1 Bd7
15. Kh1 Rf7 16. Ne2 Qf8 17. Bh6 Bxh6 18. Nf4 Bxf4 19. Qxf4 e5 20. Qh4 Rg7 21.
Ng5 f4 22. Rf3 Ng4 23. c3 Qf6 24. Rh3 Qxg5 25. d4 Qxh4 26. Rxh4 cxd4 27. cxd4
exd4 28. Rd1 Nf2+ 29. Kg1 Nxd1 0-1

[Event "ch-FRA Blitz Online Qual"]
[Site "Europe-Chess INT"]
[Date "2020.05.16"]
[Round "2"]
[White "Morais, Mario"]
[Black "Barrera, Armando"]
[Result "1-0"]
[WhiteElo "2061"]
[BlackElo "1486"]
[WhiteFideId "614270"]
[BlackFideId "551036657"]
[EventDate "2020.05.16"]

1. d4 d5 2. Nc3 Nf6 3. Bg5 e6 4. e4 dxe4 5. Nxe4 Be7 6. Bxf6 Bxf6 7. Nf3 O-O 8.
c3 Nd7 9. Bd3 c6 10. Qe2 Nb6 11. O-O-O Nd5 12. g3 b5 13. h4 a5 14. Nfg5 h6 15.
Nxf6+ Qxf6 16. Ne4 Qe7 17. Kb1 b4 18. c4 Nf6 19. g4 e5 20. g5 Nxe4 21. Qxe4 f5
22. gxf6 Qxf6 23. dxe5 Qf5 24. Qxc6 Qxf2 25. Qxa8 Bf5 26. Qd5+ Kh8 27. Bxf5
Qxf5+ 28. Ka1 a4 29. e6 a3 30. Qxf5 Rxf5 31. e7 1-0

[Event "ch-FRA Blitz Online Qual"]
[Site "Europe-Chess INT"]
[Date "2020.05.16"]
[Round "2"]
[White "Cadieu, Corentin"]
[Black "Roque, Gaetan"]
[Result "1-0"]
[WhiteElo "1524"]
[BlackElo "2128"]
[WhiteFideId "26023180"]
[BlackFideId "20666934"]
[EventDate "2020.05.16"]

1. d4 d5 2. Bf4 Nf6 3. Nf3 e6 4. e3 c5 5. c3 Qb6 6. Qc2 Nc6 7. Nbd2 Bd7 8. Bd3
Rc8 9. O-O Be7 10. Rac1 h6 11. Qb1 O-O 12. Ne5 Nxe5 13. Bxe5 Bb5 14. Bxb5 Qxb5
15. Nf3 Ne4 16. Rfd1 Qd7 17. Nd2 Nxd2 18. Rxd2 b5 19. dxc5 Bxc5 20. e4 Rfd8 21.
Rcd1 Qb7 22. exd5 exd5 23. Qf5 Rd7 24. h3 Rcd8 25. Qg4 Bf8 26. Rd3 Re7 27. Bf6
Re4 28. Qg3 Rde8 29. Bd4 Qa6 30. a3 Re1+ 31. Rxe1 Rxe1+ 32. Kh2 Bd6 33. f4 Bf8
34. Qxe1 b4 35. Rg3 bxa3 36. bxa3 Qxa3 37. Qe5 f6 38. Qxf6 Qe7 39. Qxe7 Bxe7 40.
Bxa7 Kf8 41. Bd4 g5 42. fxg5 hxg5 43. Rf3+ Ke8 44. Bf6 Bd6+ 45. Kh1 g4 46. hxg4
Kf7 47. g5 Kg6 48. Rd3 Bf4 49. Rxd5 Be3 50. Ra5 Bd2 51. Ra6 Kh5 52. c4 Be3 53.
Be7 Kg4 54. c5 Bf4 55. c6 Kf5 56. Ra7 Ke6 57. Bf6 Be3 58. c7 Kd7 59. Rb7 Kc8 60.
Rb3 Bf4 61. Rc3 Bd6 62. Bd8 Be5 63. Re3 Bxc7 64. Bxc7 Kxc7 65. g6 Kd7 66. g7 Kd6
67. g8=Q Kc5 68. Qd8 Kc6 69. Re7 Kb5 70. Rc7 Kb6 71. Qb8+ Ka6 72. Ra7# 1-0

[Event "ch-FRA Blitz Online Qual"]
[Site "Europe-Chess INT"]
[Date "2020.05.16"]
[Round "2"]
[White "Spano, Remy"]
[Black "Rode, Antony"]
[Result "1/2-1/2"]
[WhiteElo "1662"]
[BlackElo "2055"]
[WhiteFideId "26092948"]
[BlackFideId "626236"]
[EventDate "2020.05.16"]

1. e4 d5 2. Nc3 d4 3. Nce2 e5 4. Ng3 Nf6 5. Bc4 Bd6 6. d3 O-O 7. N1e2 Be6 8. Bb3
Qd7 9. O-O c5 10. f4 exf4 11. Nxf4 Bxb3 12. axb3 Nc6 13. Ngh5 Nxh5 14. Nxh5 Ne5
15. Bf4 a6 16. h3 Rae8 17. Qe1 Re6 18. Kh1 Rg6 19. Bxe5 Bxe5 20. Nf4 Rh6 21. Qg3
Qd6 22. Qf3 Rf6 23. g3 Kh8 24. Qg4 Rh6 25. Rf2 f6 26. Raf1 Qd8 27. Ne6 Qe8 28.
Nxf8 Qxf8 29. Rf3 Rg6 30. Qe6 Bxg3 31. Rg1 Bh4 32. Rxg6 hxg6 33. Qg4 Bg5 34. h4
Bh6 35. h5 gxh5 36. Qxh5 Kg8 37. Qd5+ Kh8 38. Qxb7 Qd6 39. Qd5 Qf8 40. e5 Qe8
41. e6 Qg6 42. Qd8+ Kh7 43. Rh3 Qg4 44. Rh2 Qf3+ 45. Kg1 Qg3+ 46. Kh1 Qe1+ 47.
Kg2 Qe2+ 48. Kh1 Qf3+ 49. Kg1 Kg6 50. Rxh6+ Kxh6 51. e7 Qg3+ 52. Kf1 Qf3+ 53.
Ke1 Qe3+ 54. Kf1 Qf3+ 55. Kg1 Qg3+ 56. Kf1 Qf3+ 1/2-1/2

[Event "ch-FRA Blitz Online Qual"]
[Site "Europe-Chess INT"]
[Date "2020.05.16"]
[Round "2"]
[White "Flores, Christophe"]
[Black "Antao, Amory"]
[Result "0-1"]
[WhiteElo "1332"]
[BlackElo "2099"]
[WhiteFideId "45163758"]
[BlackFideId "36049700"]
[EventDate "2020.05.16"]

1. e4 Nc6 2. Nf3 g6 3. Nc3 Bg7 4. g3 d6 5. d3 e5 6. Bg2 f5 7. O-O Nf6 8. h3 O-O
9. Nh2 Nh5 10. Qe1 f4 11. g4 Nf6 12. f3 h5 13. g5 Nh7 14. h4 Be6 15. Qd2 Nd4 16.
Rf2 c6 17. Qe1 Qd7 18. Nf1 Bh3 19. Nd2 Nxc2 20. Qf1 Bxg2 21. Rxg2 Nxa1 22. Qd1
Qh3 23. b3 Qxh4 24. Ba3 Nxb3 25. Nxb3 Rad8 26. Nd2 Nxg5 27. Ne2 Kh7 28. Kf1 Qh1+
29. Ng1 Nh3 30. Qe1 Nxg1 31. Rxg1 Qh3+ 32. Ke2 Qe6 33. Kd1 Qxa2 0-1